[Event "ESP-chT CECLUB Honor"]
[Site "Linares"]
[Date "2015.08.18"]
[Round "4.2"]
[White "Martinez Martin, David"]
[Black "Moreno Tejera, Emilio"]
[Result "0-1"]
[WhiteElo "2408"]
[BlackElo "2444"]
[PlyCount "78"]
[EventDate "2015.08.15"]
[EventType "team-tourn"]
[EventRounds "7"]
[EventCountry "ESP"]
[SourceTitle "EXT 2016"]
[Source "ChessBase"]
[SourceDate "2015.10.08"]
[SourceVersion "1"]
[SourceVersionDate "2015.10.08"]
[SourceQuality "1"]
[WhiteTeam "Atocha VTI"]
[BlackTeam "Extremadura Magic"]
[WhiteTeamCountry "ESP"]
[BlackTeamCountry "ESP"]

1. d4 f5 2. Nc3 d5 3. Bf4 a6 4. e3 Nf6 5. Nf3 e6 6. Ne5 Nbd7 7. g4 Nxe5 8. dxe5 Nxg4 9. h3 Nh6 10. Bxh6 gxh6 11. Qh5+ Kd7 12. e4 fxe4 13. Nxe4 c6 14. Nf6+ Kc7 15. Rg1 Kb8 16. 0-0-0 Be7 17. Rd3 Bxf6 18. exf6 Qxf6 19. Rf3 Qd8 20. Qe5+ Ka7 21. Bxa6 bxa6 22. Rb3 Bb7 23. Rg7 Rb8 24. Qd4+ Ka8 25. Rb6 Qg5+ 26. f4 c5 27. fxg5 cxd4 28. gxh6 Bc8 29. Rc6 Rb7 30. Rxa6+ Kb8 31. Ra3 Rxg7 32. hxg7 Rg8 33. Rg3 Kc7 34. a4 Bd7 35. a5 Kc6 36. b4 Kb5 37. Kb2 Kxb4 38. a6 Kc5 39. a7 Bc6 0-1